Viisi suurinta kaupunkia per maa - Statistics

Yleistilastot
  • Tätä visaa on pelattu 372 kertaa
  • Keskiarvotulos 32 / 60
Vastaustilastot
Vastaus % Oikein
Ranska Pariisi
99%
Viro Tallinna
98%
Yhdysvallat New York
96%
Tanska Kööpenhamina
95%
Alankomaat Amsterdam
94%
Puola Varsova
93%
Itävalta Wien
92%
Yhdysvallat Los Angeles
91%
Intia Delhi
87%
Kanada Toronto
81%
Ranska Lyon
79%
Viro Pärnu
79%
Kolumbia Bogota
78%
Etelä-Afrikka Kapkaupunki
78%
Ranska Marseille
78%
Etelä-Afrikka Johannesburg / Pretoria
75%
Yhdysvallat Chicago
73%
Yhdysvallat Washington D.C
72%
Intia Mumbai
71%
Alankomaat Rotterdam
70%
Puola Krakova
68%
Kanada Montreal
68%
Viro Tartto
68%
Kanada Vancouver
66%
Intia Kalkutta
61%
Marokko Rabat / Sale
60%
Alankomaat Haag
59%
Tanska Aarhus
58%
Kanada Edmonton
56%
Marokko Casablanca
54%
Ranska Nizza
54%
Itävalta Salzburg
53%
Kanada Calgary
50%
Tanska Odense
48%
Yhdysvallat San Francisco
46%
Viro Narva
43%
Kolumbia Medellin
41%
Tanska Aalborg
39%
Ranska Toulouse
36%
Marokko Marrakesh
34%
Itävalta Innsbruck
33%
Intia Chennai
31%
Itävalta Graz
29%
Etelä-Afrikka Bloemfontein
28%
Intia Bangalore
27%
Etelä-Afrikka Durban
27%
Puola Łodz
27%
Marokko Tanger
26%
Alankomaat Eindhoven
25%
Marokko Fes
25%
Itävalta Linz
25%
Kolumbia Cali
23%
Kolumbia Barranquilla
22%
Puola Poznan
22%
Etelä-Afrikka Port Elizabeth
19%
Tanska Esbjerg
17%
Alankomaat Utrecht
17%
Viro Kohtla-Järve
16%
Puola Wroclaw
15%
Kolumbia Bucaramanga
4%
Ehtoja vastaavia visoja ei löytynyt
Tulosjakauma
Jokaisen tuloksen saaneiden osuus
Persentiili vastausten määrän mukaan
Tuloshistoriasi
Et ole pelannut tätä visaa